[Event "2. Bundesliga West 2010/11"]
[Site "Absam"]
[Date "2010.11.27"]
[Round "5"]
[Board "4"]
[White "Hrvacic, Pavle"]
[Black "Gaertner, Guntram"]
[Result "1/2-1/2"]
[WhiteElo "2266"]
[BlackElo "2329"]
[PlyCount "65"]
[EventDate "2010.10.15"]
[EventType "team"]
[EventRounds "11"]
[EventCountry "AUT"]
[WhiteTeam "Schwarzach"]
[BlackTeam "Hohenems II"]

1.e4 e6 2.b3 c5 3.Bb2 Nc6 4.f4 d5 5.e5 Nh6 6.Qf3 Nf5 7.Ne2 h5 8.g3 Nb4 9.Na3 d4
10.Nc1 Bd7 11.Bg2 Bc6 12.Qf2 Qd7 13.Nd3 Nxd3+ 14.cxd3 Be7 15.Rc1 h4 16.Ke2 hxg3
17.hxg3 O-O-O 18.Nc4 Rxh1 19.Rxh1 Ne3 20.dxe3 dxe3 21.Qxe3 Bxg2 22.Rh2 Bd5
23.Nd6+ Bxd6 24.exd6 Qxd6 25.Bxg7 Qa6 26.Qxc5+ Bc6 27.Qc2 Rxd3 28.Qxd3 Bb5
29.Rh8+ Kc7 30.Be5+ Kb6 31.Bd4+ Kc7 32.Be5+ Kb6 33.Bd4+ 1/2-1/2

[Event "2. Bundesliga West 2010/11"]
[Site "Absam"]
[Date "2010.11.27"]
[Round "5"]
[Board "5"]
[White "Atlas, Dimitry"]
[Black "Ljubic, Juro"]
[Result "1-0"]
[WhiteElo "2344"]
[BlackElo "2186"]
[PlyCount "65"]
[EventDate "2010.10.15"]
[EventType "team"]
[EventRounds "11"]
[EventCountry "AUT"]
[WhiteTeam "Hohenems II"]
[BlackTeam "Schwarzach"]

1.e4 c5 2.c3 e6 3.d4 d5 4.e5 Nc6 5.Nf3 Qb6 6.Be2 cxd4 7.cxd4 Nge7 8.Na3 Bd7
9.O-O Nf5 10.Nc2 Be7 11.g4 Nh4 12.Nxh4 Bxh4 13.f4 Be7 14.b4 a6 15.Rf3 f6 16.Kh1
O-O 17.Be3 fxe5 18.dxe5 Qc7 19.Rc1 Rad8 20.a4 Qb8 21.b5 axb5 22.axb5 Nb4 23.Nd4
g5 24.Qd2 gxf4 25.Bxf4 Rc8 26.Rb1 Qa7 27.Rxb4 Bxb4 28.Qxb4 Qa1+ 29.Kg2 Qa2 30.b6
Qa8 31.Bh6 Rxf3 32.Nxf3 Rc2 33.Qe7 1-0

[Event "2. Bundesliga West 2010/11"]
[Site "Absam"]
[Date "2010.11.27"]
[Round "5"]
[Board "6"]
[White "Stoeckl, Norbert"]
[Black "Sandholzer, Robert"]
[Result "0-1"]
[WhiteElo "2053"]
[BlackElo "2095"]
[PlyCount "62"]
[EventDate "2010.10.15"]
[EventType "team"]
[EventRounds "11"]
[EventCountry "AUT"]
[WhiteTeam "Schwarzach"]
[BlackTeam "Hohenems II"]

1.e4 e6 2.d4 d5 3.Nd2 Be7 4.Bd3 c5 5.dxc5 Nf6 6.Qe2 Nc6 7.Ngf3 Nb4 8.Nb3 Nxd3+
9.cxd3 a5 10.e5 Nd7 11.d4 a4 12.Nbd2 b6 13.cxb6 Qxb6 14.Qe3 Ba6 15.Nb1 O-O
16.Nc3 a3 17.b3 Rfc8 18.Bd2 Nb8 19.Ng1 Nc6 20.Na4 Qxd4 21.Qxd4 Nxd4 22.Kd1 Rc6
23.h4 Bf8 24.Rh2 Rac8 25.Rc1 Rxc1+ 26.Bxc1 Nxb3 27.Bxa3 Bxa3 28.axb3 Bd3 29.Kd2
Bb5 30.h5 Bc1+ 31.Kd1 Bf4 0-1

[Event "2. Bundesliga West 2010/11"]
[Site "Absam"]
[Date "2010.11.27"]
[Round "5"]
[Board "1"]
[White "Tischbierek, Raj"]
[Black "Bayer, Bernhard"]
[Result "0-1"]
[WhiteElo "2451"]
[BlackElo "2393"]
[PlyCount "56"]
[EventDate "2010.10.15"]
[EventType "team"]
[EventRounds "11"]
[EventCountry "AUT"]
[WhiteTeam "Mozart 1910"]
[BlackTeam "Schwaz"]

1.e4 c6 2.d4 d5 3.Nd2 dxe4 4.Nxe4 Bf5 5.Ng3 Bg6 6.h4 h6 7.Nf3 Nd7 8.h5 Bh7 9.Bd3
Bxd3 10.Qxd3 Ngf6 11.Bf4 Qa5+ 12.Bd2 Qc7 13.O-O-O O-O-O 14.Qa3 a6 15.Ba5 b6
16.Bb4 Nd5 17.Kb1 Nxb4 18.Qxb4 e6 19.Qa4 b5 20.Qb3 Nb6 21.Ne4 Bd6 22.Rhe1 g6
23.Nxd6+ Rxd6 24.Ne5 Rhd8 25.c4 Rxd4 26.Rxd4 Rxd4 27.Qg3 Kb7 28.cxb5 axb5 0-1

[Event "2. Bundesliga West 2010/11"]
[Site "Absam"]
[Date "2010.11.27"]
[Round "5"]
[Board "2"]
[White "Fuchs, Georg"]
[Black "Schmidt, Georg"]
[Result "1/2-1/2"]
[WhiteElo "2292"]
[BlackElo "2362"]
[PlyCount "94"]
[EventDate "2010.10.15"]
[EventType "team"]
[EventRounds "11"]
[EventCountry "AUT"]
[WhiteTeam "Schwaz"]
[BlackTeam "Mozart 1910"]

1.e4 e6 2.c4 c5 3.Nc3 Nc6 4.g3 Nge7 5.Bg2 Nd4 6.Nge2 Nec6 7.O-O Be7 8.d3 d6 9.f4
Bf6 10.g4 Nxe2+ 11.Nxe2 Bd4+ 12.Nxd4 Nxd4 13.f5 Bd7 14.Be3 exf5 15.exf5 Bc6
16.Bxd4 cxd4 17.Qe1+ Kf8 18.Qf2 Qf6 19.h4 h6 20.Rae1 Bxg2 21.Kxg2 Re8 22.Qf4
Rxe1 23.Rxe1 g5 24.Qe4 h5 25.hxg5 Qxg5 26.Qxd4 Qxg4+ 27.Qxg4 hxg4 28.f6 Rh6
29.Re7 Rxf6 30.Rxb7 Rf3 31.Rxa7 Rxd3 32.b4 f5 33.b5 Rd2+ 34.Kf1 Rb2 35.a4 f4
36.Rh7 Rb1+ 37.Ke2 f3+ 38.Kf2 Rb2+ 39.Ke3 f2 40.Rh1 g3 41.Kf3 Rb3+ 42.Kg2 Ke8
43.a5 Kd7 44.a6 Kc7 45.Rh7+ Kb8 46.Rh8+ Ka7 47.Rh7+ Ka8 1/2-1/2

[Event "2. Bundesliga West 2010/11"]
[Site "Absam"]
[Date "2010.11.27"]
[Round "5"]
[Board "3"]
[White "Panteleev, Petar"]
[Black "Gruber, Michael"]
[Result "1/2-1/2"]
[WhiteElo "2329"]
[BlackElo "2133"]
[PlyCount "115"]
[EventDate "2010.10.15"]
[EventType "team"]
[EventRounds "11"]
[EventCountry "AUT"]
[WhiteTeam "Mozart 1910"]
[BlackTeam "Schwaz"]

1.d4 f5 2.Nf3 g6 3.c4 Nf6 4.g3 Bg7 5.Bg2 d6 6.O-O O-O 7.d5 Qe8 8.Nc3 a5 9.Be3 h6
10.Qd2 Kh7 11.h3 Na6 12.Nd4 Bd7 13.Kh2 Nc5 14.f4 Qf7 15.Rae1 Rfc8 16.Ne6 Bxe6
17.dxe6 Qxe6 18.Bxc5 dxc5 19.Bxb7 Rd8 20.Qc2 Rab8 21.Bd5 Nxd5 22.cxd5 Rxd5
23.Nxd5 Qxd5 24.b3 a4 25.Rf3 axb3 26.axb3 Qd4 27.Rd1 Qb4 28.Rd7 Bf6 29.Rxc7 Qe1
30.Kg2 Rd8 31.Rf1 Qb4 32.Qc4 Qd2 33.Qf7+ Kh8 34.Rxe7 Bxe7 35.Qxe7 Qd5+ 36.Rf3
Rd7 37.Qe8+ Kg7 38.g4 Rb7 39.Qe3 Kf7 40.Qc3 Rb4 41.Kf1 Qd6 42.gxf5 gxf5 43.Ke1
Rxf4 44.Rxf4 Qxf4 45.Qxc5 Qg3+ 46.Kd2 Qxh3 47.b4 Ke6 48.b5 Qb3 49.Qe3+ Qxe3+
50.Kxe3 h5 51.Kf3 Kd5 52.b6 Kc6 53.Kg3 Kxb6 54.Kh4 Kc5 55.Kxh5 Kd4 56.Kg5 Ke4
57.e3 Kxe3 58.Kxf5 1/2-1/2

[Event "2. Bundesliga West 2010/11"]
[Site "Absam"]
[Date "2010.11.27"]
[Round "5"]
[Board "4"]
[White "Kondrak, Christof"]
[Black "Hanel, Reinhard"]
[Result "1/2-1/2"]
[WhiteElo "2147"]
[BlackElo "2275"]
[PlyCount "134"]
[EventDate "2010.10.15"]
[EventType "team"]
[EventRounds "11"]
[EventCountry "AUT"]
[WhiteTeam "Schwaz"]
[BlackTeam "Mozart 1910"]

1.d4 g6 2.Bf4 Bg7 3.e3 c5 4.c3 Qb6 5.Qc1 Nf6 6.Be2 O-O 7.h3 d5 8.Nf3 Nc6 9.O-O
Bf5 10.Nbd2 Rac8 11.Nb3 Ne4 12.Rd1 cxd4 13.exd4 e5 14.Be3 Qc7 15.dxe5 Nxe5
16.Rxd5 Be6 17.Rd1 a6 18.Nbd4 Bc4 19.Nxe5 Bxe2 20.Nxe2 Bxe5 21.Bd4 Rfe8 22.Bxe5
Qxe5 23.Nd4 b5 24.Qe3 Qb8 25.Qd3 b4 26.c4 Qc7 27.Rac1 Qa5 28.Re1 Nc5 29.Rxe8+
Rxe8 30.Qb1 Qd8 31.Nb3 Qc7 32.Nxc5 Qxc5 33.Qc2 Re5 34.Rd1 h5 35.Qd3 Kh7 36.Kf1
Rf5 37.Rd2 a5 38.b3 a4 39.Qd4 Qa5 40.g4 Re5 41.Qd7 Kg7 42.Qd8 axb3 43.Qxa5 Rxa5
44.axb3 hxg4 45.hxg4 Ra1+ 46.Ke2 Rb1 47.Rd3 Kf6 48.Ke3 Ke6 49.c5 Rc1 50.Rd6+ Ke7
51.Kd4 Rc3 52.Rb6 Rxb3 53.Kd5 Rd3+ 54.Kc6 b3 55.Rb7+ Ke6 56.Rb4 f5 57.gxf5+ gxf5
58.Kb7 Rc3 59.c6 Kd6 60.Rd4+ Ke5 61.Rb4 Kd6 62.Rb6 f4 63.f3 Ke7 64.Rb4 Kd6
65.Rd4+ Ke5 66.Re4+ Kd6 67.Rd4+ Ke5 1/2-1/2

[Event "2. Bundesliga West 2010/11"]
[Site "Absam"]
[Date "2010.11.27"]
[Round "5"]
[Board "5"]
[White "Hamberger, Hermann"]
[Black "Koell, Hannes"]
[Result "1/2-1/2"]
[WhiteElo "2123"]
[BlackElo "2082"]
[PlyCount "59"]
[EventDate "2010.10.15"]
[EventType "team"]
[EventRounds "11"]
[EventCountry "AUT"]
[WhiteTeam "Mozart 1910"]
[BlackTeam "Schwaz"]

1.e4 g6 2.d4 Bg7 3.Nc3 c6 4.Nf3 d5 5.exd5 cxd5 6.Bb5+ Nc6 7.O-O Bg4 8.h3 Bxf3
9.Qxf3 e6 10.Re1 Nge7 11.Bg5 O-O 12.Bxc6 bxc6 13.Rad1 h6 14.Bf6 Bxf6 15.Qxf6 Nf5
16.Qe5 Qb8 17.Na4 Qxe5 18.Rxe5 Rfb8 19.b3 Rb5 20.c3 Nd6 21.Nc5 a5 22.Ree1 Nb7
23.Nxb7 Rxb7 24.Rc1 c5 25.dxc5 Rc8 26.c4 Rxc5 27.cxd5 Rxd5 28.Rc8+ Kg7 29.Rec1
a4 30.bxa4 1/2-1/2

[Event "2. Bundesliga West 2010/11"]
[Site "Absam"]
[Date "2010.11.27"]
[Round "5"]
[Board "6"]
[White "Fuerlinger, Harald"]
[Black "Peterwagner, Heinz"]
[Result "1-0"]
[WhiteElo "2053"]
[BlackElo "2156"]
[PlyCount "81"]
[EventDate "2010.10.15"]
[EventType "team"]
[EventRounds "11"]
[EventCountry "AUT"]
[WhiteTeam "Schwaz"]
[BlackTeam "Mozart 1910"]

1.e4 c5 2.d3 Nc6 3.g3 g6 4.Bg2 Bg7 5.c3 e6 6.f4 Nge7 7.Nf3 d6 8.O-O O-O 9.Be3 b6
10.d4 cxd4 11.cxd4 Ba6 12.Re1 Qd7 13.Nc3 Rac8 14.Qa4 Qb7 15.Rac1 b5 16.Qd1 Na5
17.Bf2 b4 18.Nb1 Rxc1 19.Qxc1 Bd3 20.Qe3 Bc2 21.b3 Rc8 22.Nbd2 Rc3 23.Qe2 Bd3
24.Qd1 Qc6 25.Nb1 Bxb1 26.Qxb1 Rc2 27.Rd1 d5 28.Ne1 Rc3 29.e5 Bf8 30.Nd3 Qb6
31.Nc5 Nf5 32.Na4 Qc7 33.Nxc3 bxc3 34.Qc2 h5 35.Rd3 Bb4 36.a3 Bxa3 37.Rxc3 Qb6
38.Rc8+ Kg7 39.Qc7 Nxb3 40.Qxb6 axb6 41.Rc3 1-0

[Event "2. Bundesliga West 2010/11"]
[Site "Absam"]
[Date "2010.11.27"]
[Round "5"]
[Board "1"]
[White "Koepke, Christian"]
[Black "Deglmann, Ludwig"]
[Result "1/2-1/2"]
[WhiteElo "2381"]
[BlackElo "2402"]
[PlyCount "57"]
[EventDate "2010.10.15"]
[EventType "team"]
[EventRounds "11"]
[EventCountry "AUT"]
[WhiteTeam "Hypo Kufstein"]
[BlackTeam "Sparkasse Jenbach 2"]

1.e4 e6 2.d4 d5 3.Nc3 Bb4 4.Nge2 dxe4 5.a3 Bxc3+ 6.Nxc3 Nc6 7.Bb5 Nge7 8.Bg5 f6
9.Be3 O-O 10.Qd2 f5 11.O-O-O Nd5 12.Nxd5 exd5 13.Bxc6 bxc6 14.Bg5 Qe8 15.Bf4 Qe7
16.h4 Be6 17.Rh3 a5 18.h5 a4 19.Rdh1 Rab8 20.Rg3 c5 21.Be5 Rf7 22.dxc5 f4 23.Rc3
Qg5 24.Bd4 Qxg2 25.Qe1 e3 26.Rg1 Qh2 27.Rh1 Qg2 28.Rg1 Qh2 29.Rh1 1/2-1/2

[Event "2. Bundesliga West 2010/11"]
[Site "Absam"]
[Date "2010.11.27"]
[Round "5"]
[Board "2"]
[White "Reich, Thomas"]
[Black "Berchtenbreiter, Maximilian"]
[Result "1-0"]
[WhiteElo "2350"]
[BlackElo "2232"]
[PlyCount "63"]
[EventDate "2010.10.15"]
[EventType "team"]
[EventRounds "11"]
[EventCountry "AUT"]
[WhiteTeam "Sparkasse Jenbach 2"]
[BlackTeam "Hypo Kufstein"]

1.d4 d6 2.e4 e5 3.dxe5 dxe5 4.Qxd8+ Kxd8 5.Bc4 Be6 6.Bxe6 fxe6 7.Be3 Nd7 8.Nd2
Bb4 9.O-O-O Ngf6 10.f3 Ke7 11.Nh3 b5 12.Nf2 Bd6 13.Nd3 c5 14.c4 a6 15.Kb1 Rhc8
16.Rc1 Rab8 17.Rc2 Nh5 18.g3 b4 19.Nb3 Rf8 20.Rf2 Rbc8 21.Rd1 h6 22.Na5 Rc7
23.Nc1 Nhf6 24.h4 Nb8 25.Ncb3 h5 26.Rfd2 Ne8 27.Bg5+ Kd7 28.f4 Nc6 29.Nxc5+ Kc8
30.Nxc6 Rxc6 31.Nxe6 Rf7 32.Nd8 1-0

[Event "2. Bundesliga West 2010/11"]
[Site "Absam"]
[Date "2010.11.27"]
[Round "5"]
[Board "3"]
[White "Neuschmied, Siegfried"]
[Black "Micheli, Carlo"]
[Result "1-0"]
[WhiteElo "2309"]
[BlackElo "2263"]
[PlyCount "81"]
[EventDate "2010.10.15"]
[EventType "team"]
[EventRounds "11"]
[EventCountry "AUT"]
[WhiteTeam "Hypo Kufstein"]
[BlackTeam "Sparkasse Jenbach 2"]

1.e4 d6 2.d4 Nf6 3.Nc3 c6 4.f4 Qa5 5.Bd3 e5 6.Nf3 Bg4 7.dxe5 dxe5 8.h3 Bxf3
9.Qxf3 Nbd7 10.O-O h5 11.f5 h4 12.Kh2 Be7 13.a3 Nh5 14.Be3 Qd8 15.Bc4 Bg5
16.Rad1 Bxe3 17.Qxe3 Qe7 18.Ba2 Nf4 19.Ne2 Nxe2 20.Qxe2 Nf6 21.Rd2 Rd8 22.Rxd8+
Qxd8 23.Rd1 Qb6 24.b4 O-O 25.Bc4 a5 26.c3 axb4 27.cxb4 Rd8 28.Rxd8+ Qxd8 29.Qd3
Qd4 30.Qxd4 exd4 31.e5 Ne4 32.Kg1 Kf8 33.Bd3 Ng5 34.Kf2 Ke7 35.g3 hxg3+ 36.Kxg3
f6 37.e6 Nh7 38.h4 Nf8 39.Kf3 g6 40.fxg6 Nxe6 41.h5 1-0

[Event "2. Bundesliga West 2010/11"]
[Site "Absam"]
[Date "2010.11.27"]
[Round "5"]
[Board "4"]
[White "Hoellrigl, Wilfried"]
[Black "Levushkina,  Elena"]
[Result "0-1"]
[WhiteElo "2188"]
[BlackElo "2345"]
[PlyCount "226"]
[EventDate "2010.10.15"]
[EventType "team"]
[EventRounds "11"]
[EventCountry "AUT"]
[WhiteTeam "Sparkasse Jenbach 2"]
[BlackTeam "Hypo Kufstein"]

1.e4 e5 2.Nf3 Nc6 3.Bb5 Nge7 4.O-O g6 5.c3 a6 6.Ba4 Bg7 7.d4 exd4 8.cxd4 b5
9.Bb3 O-O 10.Nc3 d6 11.h3 Na5 12.Bc2 c5 13.Bg5 h6 14.Bh4 g5 15.Bg3 Nc4 16.Rb1
Ng6 17.a4 g4 18.hxg4 Bxg4 19.dxc5 dxc5 20.axb5 Bxf3 21.Qxf3 Nd2 22.Qf5 Nxb1
23.Rxb1 Qg5 24.Bd6 Rfd8 25.Bxc5 axb5 26.Nxb5 Rd2 27.Bb3 Qxf5 28.exf5 Ne5 29.Bb4
Rd7 30.Bc3 Ng4 31.f3 Bxc3 32.Nxc3 Nf6 33.Ne4 Kg7 34.Rc1 Rb8 35.Ba4 Rd4 36.b3
Nxe4 37.fxe4 Rxe4 38.Rc6 Rf4 39.Rc5 Kf6 40.Rc6+ Kg5 41.Rc3 Kxf5 42.Kh2 Rbb4
43.Bc6 Kf6 44.Bd5 Rbd4 45.Bf3 Kg5 46.Kg3 Rf5 47.Be2 Re5 48.Bf3 f5 49.Rc7 f4+
50.Kh3 Rb4 51.Rc3 Rbb5 52.Rc8 Re6 53.Rc3 Re1 54.Kh2 Re3 55.Rc8 Re6 56.Rc3 Kf5
57.Kh3 Re1 58.Kh2 Ra5 59.Rc8 Raa1 60.Rf8+ Ke5 61.Kh3 Re3 62.Kg4 Ra6 63.Rf5+ Kd4
64.Rd5+ Kc3 65.Kxf4 Re7 66.Rb5 Rf7+ 67.Ke3 Re6+ 68.Kf2 Rff6 69.Rb8 Rb6 70.Rc8+
Kd4 71.Rd8+ Rfd6 72.Re8 Rxb3 73.Re4+ Kc5 74.Re5+ Kb6 75.Kg3 Rb5 76.Re7 Rg5+
77.Kf2 Kc5 78.Re4 Rf6 79.Re7 Kd6 80.Rh7 Ke6 81.Ra7 Kf5 82.Rb7 Rd6 83.Rb2 Kf6
84.Ra2 Rb6 85.Rc2 h5 86.Rc4 Kg6 87.Kg1 Rgb5 88.Kh2 Kh6 89.Rd4 Rb4 90.Rd5 R6b5
91.Rd8 Kg7 92.Rd6 Rh4+ 93.Kg3 Rh1 94.Rd4 Kg6 95.Rd8 h4+ 96.Kf2 Rb2+ 97.Ke3 Kg7
98.Kf4 Rb4+ 99.Kg5 Rb5+ 100.Kg4 Rb4+ 101.Kg5 Rb5+ 102.Kg4 Kf6 103.Rd6+ Ke5
104.Rh6 Rb4+ 105.Kg5 Rb8 106.Kg6 Rb6+ 107.Kg5 Rxh6 108.Kxh6 h3 109.g4 Rf1
110.Ba8 h2 111.g5 h1=Q+ 112.Bxh1 Rxh1+ 113.Kg6 Rg1 0-1

[Event "2. Bundesliga West 2010/11"]
[Site "Absam"]
[Date "2010.11.27"]
[Round "5"]
[Board "5"]
[White "Rusche, Johannes"]
[Black "Schnegg, Daniel"]
[Result "0-1"]
[WhiteElo "2234"]
[BlackElo "2199"]
[PlyCount "44"]
[EventDate "2010.10.15"]
[EventType "team"]
[EventRounds "11"]
[EventCountry "AUT"]
[WhiteTeam "Hypo Kufstein"]
[BlackTeam "Sparkasse Jenbach 2"]

1.e4 c5 2.c3 d5 3.exd5 Qxd5 4.d4 Nf6 5.Nf3 Bg4 6.Nbd2 cxd4 7.Bc4 Qa5 8.Qb3 b6
9.Nxd4 Qe5+ 10.Kf1 e6 11.N2f3 Qc7 12.Nb5 Qb7 13.Ne5 Nbd7 14.Nxg4 Nxg4 15.Bf4 Qe4
16.Bxe6 fxe6 17.Re1 Qd3+ 18.Kg1 Nc5 19.Nc7+ Kf7 20.Qa3 Rd8 21.Qxa7 Be7 22.Qxb6
Qe2 0-1

[Event "2. Bundesliga West 2010/11"]
[Site "Absam"]
[Date "2010.11.27"]
[Round "5"]
[Board "6"]
[White "Schnegg, Anna-Lena"]
[Black "Maurer, Jochen"]
[Result "0-1"]
[WhiteElo "1893"]
[BlackElo "2215"]
[PlyCount "100"]
[EventDate "2010.10.15"]
[EventType "team"]
[EventRounds "11"]
[EventCountry "AUT"]
[WhiteTeam "Sparkasse Jenbach 2"]
[BlackTeam "Hypo Kufstein"]

1.e4 e5 2.Nf3 Nc6 3.Bb5 a6 4.Ba4 Nf6 5.O-O Be7 6.Re1 b5 7.Bb3 d6 8.c3 O-O 9.h3
Na5 10.Bc2 c5 11.d4 Qc7 12.Kh1 Bd7 13.Nbd2 cxd4 14.cxd4 Nc6 15.Nf1 Nxd4 16.Nxd4
exd4 17.Bf4 Be6 18.Bb3 Bxb3 19.Qxb3 Rac8 20.Ng3 g6 21.Rad1 Qc2 22.Qxc2 Rxc2
23.Rxd4 Rxf2 24.Bxd6 Bxd6 25.Rxd6 Rc8 26.e5 Ne8 27.Rxa6 Rxb2 28.Re2 Rxe2 29.Nxe2
Rc5 30.e6 Nc7 31.e7 Re5 32.Ra7 Rxe7 33.Nd4 Rd7 34.Kh2 Rxd4 35.Rxc7 Kg7 36.Rb7
Rd5 37.Kg3 h5 38.Kf3 Kf6 39.g4 Rd3+ 40.Kg2 Rd5 41.Kg3 Rd3+ 42.Kg2 hxg4 43.hxg4
Kg5 44.Rxb5+ Kxg4 45.a4 Rd2+ 46.Kg1 f5 47.a5 Ra2 48.Rb6 g5 49.a6 f4 50.Rg6 f3 0-1

[Event "2. Bundesliga West 2010/11"]
[Site "Absam"]
[Date "2010.11.28"]
[Round "6"]
[Board "1"]
[White "Gatterer, Florian"]
[Black "Medvegy, Zoltan"]
[Result "0-1"]
[WhiteElo "2306"]
[BlackElo "2522"]
[PlyCount "66"]
[EventDate "2010.10.15"]
[EventType "team"]
[EventRounds "11"]
[EventCountry "AUT"]
[WhiteTeam "Rochade Rum"]
[BlackTeam "ATSV Ranshofen"]

1.c4 g6 2.g3 Bg7 3.Bg2 c5 4.Nf3 Nc6 5.O-O d6 6.Nc3 Nh6 7.b3 Nf5 8.Bb2 Rb8 9.Na4
Bxb2 10.Nxb2 O-O 11.d3 b5 12.cxb5 Rxb5 13.Nh4 Qc7 14.Nxf5 Bxf5 15.Qd2 Rc8 16.h4
Qd7 17.Kh2 Ne5 18.Rad1 Rb4 19.Kg1 Bh3 20.Kh2 Bxg2 21.Kxg2 h5 22.Nc4 Nc6 23.Ne3
Rcb8 24.Nd5 R4b7 25.Qh6 Ne5 26.Kg1 Qh3 27.Nf4 Qf5 28.Ng2 Rb4 29.f3 Qh3 30.Kf2
Rg4 31.Nf4 Qxg3+ 32.Ke3 Rxh4 33.Rg1 Ng4+ 0-1

[Event "2. Bundesliga West 2010/11"]
[Site "Absam"]
[Date "2010.11.28"]
[Round "6"]
[Board "2"]
[White "Menacher, Manfred"]
[Black "Eybl, Alexander"]
[Result "1/2-1/2"]
[WhiteElo "2290"]
[BlackElo "2278"]
[PlyCount "113"]
[EventDate "2010.10.15"]
[EventType "team"]
[EventRounds "11"]
[EventCountry "AUT"]
[WhiteTeam "ATSV Ranshofen"]
[BlackTeam "Rochade Rum"]

1.Nf3 Nf6 2.d4 e6 3.c4 d5 4.g3 Nbd7 5.Qc2 dxc4 6.Bg2 Bb4+ 7.Bd2 Be7 8.Na3 Bxa3
9.bxa3 Nb6 10.Bb4 Bd7 11.Ne5 Ba4 12.Qd2 Nfd5 13.Rc1 Bb5 14.O-O c6 15.a4 Bxa4
16.Nxc4 Nxc4 17.Rxc4 Bb5 18.Bxd5 cxd5 19.Rc3 f6 20.Qf4 Bc4 21.Re1 a5 22.Ba3 b5
23.Qg4 Kf7 24.Re3 Re8 25.Ra1 b4 26.Bb2 Qd7 27.a3 b3 28.Rc1 Rac8 29.Rec3 a4 30.e4
Rc7 31.e5 f5 32.Qh5+ Kg8 33.g4 g6 34.Qg5 fxg4 35.Qxg4 Rf8 36.Rf3 Rxf3 37.Qxf3
Rc8 38.Rc3 Rf8 39.Qg4 Qf7 40.f3 Qf5 41.Qxf5 Rxf5 42.Re3 g5 43.h3 Kf7 44.Kg2 Kg6
45.Kg3 Rf8 46.Kg2 Ba6 47.Rc3 Rc8 48.Rc5 Rxc5 49.dxc5 Kf7 50.Kg3 Ke7 51.f4 Kd7
52.fxg5 Kc6 53.Bd4 b2 54.Bxb2 Kxc5 55.Kf3 Kc4 56.Ke3 Bb5 57.Bd4 1/2-1/2

[Event "2. Bundesliga West 2010/11"]
[Site "Absam"]
[Date "2010.11.28"]
[Round "6"]
[Board "3"]
[White "Hengl, Christian"]
[Black "Dovzik, Juri"]
[Result "1/2-1/2"]
[WhiteElo "2193"]
[BlackElo "2381"]
[PlyCount "58"]
[EventDate "2010.10.15"]
[EventType "team"]
[EventRounds "11"]
[EventCountry "AUT"]
[WhiteTeam "Rochade Rum"]
[BlackTeam "ATSV Ranshofen"]

1.e4 c5 2.Nc3 Nc6 3.g3 g6 4.Bg2 Bg7 5.d3 d6 6.f4 e6 7.Nf3 Nge7 8.O-O O-O 9.Be3
b6 10.d4 Ba6 11.Rf2 Qc7 12.a4 Rad8 13.Nb5 Bxb5 14.axb5 Nxd4 15.Nxd4 cxd4 16.Bxd4
e5 17.Bc3 d5 18.exd5 Qc5 19.Qe1 Nxd5 20.Bxd5 Qxd5 21.Bxe5 Qxb5 22.Bxg7 Kxg7
23.Qc3+ Kg8 24.f5 Rc8 25.Qd4 Rc4 26.Qf6 Rc6 27.Qd4 Rc4 28.Qf6 Rc6 29.Qd4 Rc4 1/2-1/2

[Event "2. Bundesliga West 2010/11"]
[Site "Absam"]
[Date "2010.11.28"]
[Round "6"]
[Board "4"]
[White "Sadilek, Peter"]
[Black "Jedinger, Andreas"]
[Result "0-1"]
[WhiteElo "2213"]
[BlackElo "2177"]
[PlyCount "66"]
[EventDate "2010.10.15"]
[EventType "team"]
[EventRounds "11"]
[EventCountry "AUT"]
[WhiteTeam "ATSV Ranshofen"]
[BlackTeam "Rochade Rum"]

1.e4 e5 2.Nf3 Nc6 3.Bb5 a6 4.Ba4 Nf6 5.O-O Be7 6.Re1 b5 7.Bb3 d6 8.c3 O-O 9.d4
Bg4 10.d5 Na5 11.Bc2 Qc8 12.Nbd2 c6 13.h3 Bd7 14.b4 Nb7 15.dxc6 Qxc6 16.Bb2 Nd8
17.a4 Ne6 18.Bd3 Nf4 19.Bf1 Rfc8 20.axb5 axb5 21.c4 bxc4 22.Nxc4 Rxa1 23.Bxa1
Be6 24.b5 Qc5 25.Na5 Bd7 26.Qb1 h6 27.Bb2 Qb4 28.Bxe5 dxe5 29.Nxe5 Qxa5 30.Nxd7
Nxd7 31.g3 Ne6 32.Rd1 Nb6 33.h4 Qc3 0-1

[Event "2. Bundesliga West 2010/11"]
[Site "Absam"]
[Date "2010.11.28"]
[Round "6"]
[Board "5"]
[White "Gatterer, Matthias"]
[Black "Ager, Josef"]
[Result "1/2-1/2"]
[WhiteElo "2072"]
[BlackElo "2213"]
[PlyCount "63"]
[EventDate "2010.10.15"]
[EventType "team"]
[EventRounds "11"]
[EventCountry "AUT"]
[WhiteTeam "Rochade Rum"]
[BlackTeam "ATSV Ranshofen"]

1.d4 Nf6 2.Nf3 g6 3.c4 Bg7 4.Nc3 O-O 5.g3 d6 6.Bg2 Nc6 7.O-O Rb8 8.d5 Na5 9.b3
c5 10.dxc6 Ne4 11.c7 Qxc7 12.Nd5 Qd8 13.Nd4 Nc6 14.Bb2 Ng5 15.Qd2 Ne6 16.Nxe6
fxe6 17.Bxg7 Kxg7 18.Nc3 e5 19.e3 Bf5 20.Na4 Qc7 21.c5 Rfd8 22.cxd6 exd6 23.Nc3
Qa5 24.a3 Be6 25.b4 Qc7 26.Nd5 Bxd5 27.Qxd5 Qb6 28.Rfd1 Rd7 29.Bh3 Rdd8 30.Rd2
Ne7 31.Qe6 Qc7 32.Rdd1 1/2-1/2

[Event "2. Bundesliga West 2010/11"]
[Site "Absam"]
[Date "2010.11.28"]
[Round "6"]
[Board "1"]
[White "Dizdar, Goran"]
[Black "Krstic, Uros"]
[Result "0-1"]
[WhiteElo "2555"]
[BlackElo "2410"]
[PlyCount "84"]
[EventDate "2010.10.15"]
[EventType "team"]
[EventRounds "11"]
[EventCountry "AUT"]
[WhiteTeam "SC Absam"]
[BlackTeam "Schwarzach"]

1.d4 Nf6 2.Nf3 g6 3.c4 Bg7 4.g3 O-O 5.Bg2 d6 6.O-O Nc6 7.Nc3 a6 8.d5 Na5 9.Nd2
c5 10.Rb1 Bf5 11.e4 Bd7 12.b3 e5 13.Qc2 b5 14.cxb5 axb5 15.b4 cxb4 16.Rxb4 Qc7
17.Qb2 Rfc8 18.Nxb5 Qc5 19.Na3 Bg4 20.Ndb1 Be2 21.Be3 Bxf1 22.Bxc5 dxc5 23.Ra4
Bd3 24.Nd2 c4 25.Qc3 Rc5 26.Naxc4 Bxc4 27.Nxc4 Rac8 28.Qxa5 Rxa5 29.Nxa5 Ra8
30.Bf3 Bf8 31.Kg2 Nd7 32.d6 Bxd6 33.Bd1 Nb6 34.Nc4 Nxa4 35.Nxd6 Nc5 36.Be2 Rxa2
37.Bc4 Ra7 38.Bd5 Kf8 39.h4 f6 40.f4 exf4 41.gxf4 Ra3 42.e5 Nd3 0-1

[Event "2. Bundesliga West 2010/11"]
[Site "Absam"]
[Date "2010.11.28"]
[Round "6"]
[Board "2"]
[White "Brumen, Dinko"]
[Black "Schmittdiel, Eckhard"]
[Result "0-1"]
[WhiteElo "2359"]
[BlackElo "2485"]
[PlyCount "106"]
[EventDate "2010.10.15"]
[EventType "team"]
[EventRounds "11"]
[EventCountry "AUT"]
[WhiteTeam "Schwarzach"]
[BlackTeam "SC Absam"]

1.d4 e6 2.e4 d5 3.Nc3 Nf6 4.Bd3 c5 5.Nf3 c4 6.Be2 Bb4 7.e5 Ne4 8.Bd2 Nxd2 9.Qxd2
Nc6 10.h4 O-O 11.h5 f6 12.h6 g6 13.Qe3 fxe5 14.Nxe5 Qf6 15.g3 Nxe5 16.dxe5 Qe7
17.f4 b5 18.a3 Bc5 19.Qd2 Rb8 20.Kf1 b4 21.axb4 Rxb4 22.Na4 d4 23.Bf3 c3 24.bxc3
dxc3 25.Nxc3 Bb7 26.Kg2 Bxf3+ 27.Kxf3 Qb7+ 28.Kg4 Bd4 29.Rhe1 g5 30.Na2 Ra4
31.c3 Bb6 32.Nb4 Rxa1 33.Rxa1 gxf4 34.Rf1 Be3 35.Qd3 Qg2 36.Rf3 Qh1 37.Nc2 Bc1
38.Rf1 Qxh6 39.Rxc1 Kh8 40.Rg1 f3 41.Ne3 Qh2 42.Qf1 Rg8+ 43.Kf4 Qh6+ 44.Kxf3
Rf8+ 45.Ke2 Qh5+ 46.g4 Rxf1 47.Rxf1 Qxe5 48.c4 Qb2+ 49.Kd3 a5 50.Rf8+ Kg7 51.Ra8
a4 52.Nd1 Qb7 53.Ra5 Qb1+ 0-1

[Event "2. Bundesliga West 2010/11"]
[Site "Absam"]
[Date "2010.11.28"]
[Round "6"]
[Board "3"]
[White "Wegerle, Joerg"]
[Black "Hecht, Hans-Joachim"]
[Result "1/2-1/2"]
[WhiteElo "2472"]
[BlackElo "2374"]
[PlyCount "82"]
[EventDate "2010.10.15"]
[EventType "team"]
[EventRounds "11"]
[EventCountry "AUT"]
[WhiteTeam "SC Absam"]
[BlackTeam "Schwarzach"]

1.d4 e6 2.Nf3 Nf6 3.g3 b6 4.Bg2 Bb7 5.O-O Be7 6.Bg5 d5 7.Bxf6 Bxf6 8.Nbd2 c5
9.c3 O-O 10.Re1 cxd4 11.Nxd4 Nc6 12.Nxc6 Bxc6 13.Nb3 Rc8 14.e4 dxe4 15.Bxe4 Qxd1
16.Raxd1 Ba4 17.Bc2 Rfd8 18.Rxd8+ Rxd8 19.Rd1 Rxd1+ 20.Bxd1 e5 21.Bc2 Kf8 22.Kf1
Bb5+ 23.Ke1 g6 24.Nd2 Be7 25.Bb3 f5 26.Nc4 e4 27.Ne3 Bc5 28.Nd5 Bc6 29.Nf4 Ke7
30.Bg8 e3 31.fxe3 Bxe3 32.Nd5+ Bxd5 33.Bxd5 g5 34.h3 Kf6 35.Ke2 Bc1 36.b3 Ke5
37.Bg8 h5 38.Kf3 g4+ 39.hxg4 hxg4+ 40.Kg2 Bb2 41.a3 Bxc3 1/2-1/2

[Event "2. Bundesliga West 2010/11"]
[Site "Absam"]
[Date "2010.11.28"]
[Round "6"]
[Board "4"]
[White "Hrvacic, Pavle"]
[Black "De, Francesco Klaus"]
[Result "1/2-1/2"]
[WhiteElo "2266"]
[BlackElo "2290"]
[PlyCount "43"]
[EventDate "2010.10.15"]
[EventType "team"]
[EventRounds "11"]
[EventCountry "AUT"]
[WhiteTeam "Schwarzach"]
[BlackTeam "SC Absam"]

1.e4 e6 2.b3 c5 3.Bb2 Nc6 4.Nf3 Nf6 5.e5 Nd5 6.g3 Be7 7.Bg2 O-O 8.O-O f6 9.d4
cxd4 10.Nxd4 fxe5 11.Nxc6 bxc6 12.c4 Nc7 13.Bxe5 Bf6 14.Qd4 Bxe5 15.Qxe5 Qf6
16.Qxf6 Rxf6 17.Nc3 Rf5 18.Rfe1 Rf6 19.Ne4 Rf8 20.Nc3 Rf6 21.Ne4 Rf8 22.Nc3 1/2-1/2